00681nam a22001817a 4500003000500000038001800005082000800023100003200031245012100063264003400184300002500218650003700243700004400280856005800324942001200382999001900394952008600413NUST aNusrat Nadeem a200 aUllah, Sidra Rahmat9125510 aSurveillance of Antibiotic Resistance in Clinical and Hospital Water Isolates of K. pneumoniae/cSidra Rahmat Ullah, aIslamabad;bASAB NUST;c2024. a167,p;bill;c30,cm. aPhD- Applied Biosciences9123210 aSupervisor : Dr. Saadia Andleeb9123909 u http://10.250.8.41:8080/xmlui/handle/123456789/44897 2ddccSC c611246d611246 00104070aCLbCLcTHEd2024-08-29l0o200pCLPT-645r2024-08-29w2024-08-29ySC